00801nam a2200193Ia 4500001001000000003000500010008004100015010001100056040000900067100002400076245017700100260003400277300001000311502010600321650005000427650003000477650004700507710005300554Para_9465CHAP220125s2008 xx 000 0 und d a205842 cCHAP aCruz Huerta, Arturo aTolerancia en diferentes estados fenológicos del frijol ayocote (Phaseolus coccineus L.), al herbicida glifosato estimada en Chapingo, México /c por Arturo Cruz Huerta aChapingo, Méx. :b el autor a34 h. aTesis (Ing. Agr. Esp. en Parasitología Agrícola) -- UACh. Departamento Parasitología Agrícola aFrijol x variedades resistentes a herbicidas aMalas hierbas x control  aMalas hierbas x resistencia a herbicidas  aUACh. Departamento de Parasitología Agrícola